System Analysis and Design (Record no. 7976)

MARC details
000 -LEADER
fixed length control field 00300nam a2200121Ia 4500
008 - FIXED-LENGTH DATA ELEMENTS--GENERAL INFORMATION
fixed length control field 191201s2013 xx 000 0 und d
100 ## - MAIN ENTRY--PERSONAL NAME
Personal name AWAD, Alias M.
245 #0 - TITLE STATEMENT
Title System Analysis and Design
250 ## - EDITION STATEMENT
Edition statement Rep
260 ## - PUBLICATION, DISTRIBUTION, ETC. (IMPRINT)
Date of publication, distribution, etc 2013
Name of publisher, distributor, etc Galgotia Publisher
Place of publication, distribution, etc NEW DELHI
300 ## - PHYSICAL DESCRIPTION
Extent 524
942 ## - ADDED ENTRY ELEMENTS (KOHA)
Source of classification or shelving scheme Dewey Decimal Classification
Koha item type Text Books
942 ## - ADDED ENTRY ELEMENTS (KOHA)
-- 20
Holdings
Withdrawn status Lost status Source of classification or shelving scheme Damaged status Not for loan Collection code Home library Current library Date acquired Source of acquisition Cost, normal purchase price Bill Number Total Checkouts Full call number Acc. no. / Barcode Date last seen Date last borrowed Actual Cost, discounted price Bill Date Koha item type
    Dewey Decimal Classification     BCA PIET C-LIBRARY PIET C-LIBRARY 19/04/2018 Kirti Prakashan 500.00 IN0317 11 004.21 AWS BC1238 26/06/2023 22/06/2023 231.00 19/04/2018 Text Books
    Dewey Decimal Classification     BCA PIET C-LIBRARY PIET C-LIBRARY 19/04/2018 Kirti Prakashan 500.00 IN0317 10 004.21 AWS BC1239 26/06/2023 06/06/2023 231.00 19/04/2018 Text Books
    Dewey Decimal Classification     BCA PIET C-LIBRARY PIET C-LIBRARY 19/04/2018 Kirti Prakashan 500.00 IN0317 7 004.21 AWS BC1240 26/06/2023 09/06/2023 231.00 19/04/2018 Text Books
    Dewey Decimal Classification     BCA PIET C-LIBRARY PIET C-LIBRARY 19/04/2018 Kirti Prakashan 500.00 IN0317 9 004.21 AWS BC1241 26/06/2023 20/06/2023 231.00 19/04/2018 Text Books
    Dewey Decimal Classification     BCA PIET C-LIBRARY PIET C-LIBRARY 19/04/2018 Kirti Prakashan 500.00 IN0317 10 004.21 AWS BC1242 26/06/2023 05/06/2023 231.00 19/04/2018 Text Books

Design & Developed by: PIET Central Library
R70 Miles Stone Pattikalyana Samalkha Panipat 132102
mail ID :- [email protected], Phone No:- 0180-2569700 Ex.216